000
00365nam a22001577a 4500
003
MPLRDC
005
20220104114222.0
008
210129b ||||| |||| 00| 0 eng d
082
_a
782.886 HYW
100
_a
闻风
245
_a
新侍卫官杂记
_c
260
_a
_b
星河出版社
_c
1989
300
_b
平
650
_a
林彪传记
942
_c
BK
_o
782.886 HYW
999
_c
5762
_d
5752